000
00269nam a22001097a 4500
008
170124b xxu||||| |||| 00| 0 eng d
020
_a
9780781797917
041
_a
eng
080
_2
2ND
_a
618.2
245
_a
ADMINISTRATIVE MEDICAL ASSISTING
_c
DURHAM, L.S
942
_2
udc
_c
BK
999
_c
3512
_d
3512